Sharjah Art Foundation Library
Normal view MARC view

Entry Genre/Form Term

Number of records used in: 1

001 - CONTROL NUMBER

  • control field: 9410

003 - CONTROL NUMBER IDENTIFIER

  • control field: OSt

005 - DATE AND TIME OF LATEST TRANSACTION

  • control field: 20260622140526.0

008 - FIXED-LENGTH DATA ELEMENTS

  • fixed length control field: 260622|| aca||aabn | a|a d

040 ## - CATALOGING SOURCE

  • Original cataloging agency: OSt
  • Transcribing agency: OSt

155 ## - HEADING--GENRE/FORM TERM

  • Genre/form term: Research report

670 ## - SOURCE DATA FOUND

  • Source citation: Work cat.: (OSt)6563: Uruk Pottery: Origin & Distribution/ Bahnam Abu Al Soof PhD = , 1985

Copyright © 2022. Sharjah Art Foundation. All Rights Reserved.